000 00424nam a22001457a 4500
999 _c15449
_d15449
020 _a9789352161317
082 _a540.0162
_bJAI/EN
100 _aJain, P C .
_91318
245 _aEngineering Chemistry [Chemisry of Engineering Materials], (A Modern Approach)
250 _a16th ed.
260 _aNew delhi ;
_bDhanpat Rai Publishing Co. Pvt. Ltd ,
_c2018 .
300 _a1404p.
700 _aJain ,monika
_93153
942 _cBK